Tilastot visalle Maat, joissa on eniten Muslimeja

Klikkaa tästä pelataksesi tätä visaa!

Yleistilastot

  • Tätä visaa on pelattu 16 kertaa
  • Keskiarvotulos 8 / 10

Vastaustilastot

MuslimeitaValtio% Oikein
41.4MIrak
100%
80.9MIran
100%
90.4MEgypti
88%
200.5MPakistan
81%
40.6MAfganistan
75%
79.1MTurkki
75%
39.4MAlgeria
69%
104.7MNigeria
69%
229.6MIndonesia
63%
153MBangladesh
56%

Tulosjakauma

Persentiili vastausten määrän mukaan

Jokaisen tuloksen saaneiden osuus

Tuloshistoriasi

Et ole pelannut tätä visaa